00390nam a2200121Ia 4500001000800000005001700008008004100025020001800066245005100084260002400135999002100159952008800180125962520260417140315.0260417s9999 xx 000 0 und d a9789752893849 0aKırmızı Küpeler Babil KulesicOrhan Kemal bEverest Yayınları c1259625d1259625 00104070a1112b1112d2026-04-17l0p1112553r2026-04-17 14:03:15w2026-04-17yBK